Online
Catalog

Cuba : (Record no. 13187)

MARC details
000 -CABECERA
campo de control de longitud fija 01455cam a2200385 a 4500
001 - NÚMERO DE CONTROL
campo de control 000013565
005 - FECHA Y HORA DE LA ÚLTIMA TRANSACCIÓN
campo de control 20240605113345.0
008 - DATOS DE LONGITUD FIJA--INFORMACIÓN GENERAL
campo de control de longitud fija 951213s1995 ve b 000 0 spa
020 ## - NÚMERO INTERNACIONAL ESTÁNDAR DEL LIBRO
Número Internacional Estándar del Libro 9803170732
040 ## - FUENTE DE LA CATALOGACIÓN
Centro catalogador/agencia de origen DO-SdBNP
Lengua de catalogación spa
Centro/agencia transcriptor DLC
Centro/agencia modificador BNPHU
082 ## - NÚMERO DE LA CLASIFICACIÓN DECIMAL DEWEY
Número de clasificación 338.9
Número de documento/Ítem C962a
049 ## - FONDOS LOCALES (OCLC)
Fondos de biblioteca BNGR
049 ## - FONDOS LOCALES (OCLC)
Fondos de biblioteca BNGR
245 00 - MENCIÓN DE TÍTULO
Título Cuba :
Resto del título apertura y reforma económica, perfil de un debate /
Mención de responsabilidad, etc. Bert Hoffmann, editor; Julio Carranza...[et al].
260 ## - PUBLICACIÓN, DISTRIBUCIÓN, ETC.
Lugar de publicación, distribución, etc. Caracas, Venezuela :
Nombre del editor, distribuidor, etc. Instituto de Estudios Iberoamericanos de Hamburgo ;
-- Editorial Nueva Sociedad,
Fecha de publicación, distribución, etc. 1995.
300 ## - DESCRIPCIÓN FÍSICA
Extensión 168 p. ;
Dimensiones 23 cm.
500 ## - NOTA GENERAL
Nota general Incluye notas al pie de las páginas.
500 ## - NOTA GENERAL
Nota general Incluye una reseña histórica de el Instituto de Estudios Iberoamericanos de Hamburgo
504 ## - NOTA DE BIBLIOGRAFÍA, ETC.
Nota de bibliografía, etc. Incluye referencias bibliográficas.
650 #0 - PUNTO DE ACCESO ADICIONAL DE MATERIA--TÉRMINO DE MATERIA
Término de materia o nombre geográfico como elemento de entrada REFORMA ECONÓMICA
9 (RLIN) 30925
651 #4 - PUNTO DE ACCESO ADICIONAL DE MATERIA--NOMBRE GEOGRÁFICO
Nombre geográfico Cuba
Subdivisión general Política Económica
9 (RLIN) 30926
651 #4 - PUNTO DE ACCESO ADICIONAL DE MATERIA--NOMBRE GEOGRÁFICO
Nombre geográfico Cuba
Subdivisión general Condiciones Económicas
Subdivisión cronológica 1990-
9 (RLIN) 30927
650 #4 - PUNTO DE ACCESO ADICIONAL DE MATERIA--TÉRMINO DE MATERIA
Término de materia o nombre geográfico como elemento de entrada Sistemas económicos
9 (RLIN) 7422
700 1# - PUNTO DE ACCESO ADICIONAL--NOMBRE DE PERSONA
Nombre de persona Hoffmann, Bert,
Término indicativo de función/relación ed.
9 (RLIN) 30928
700 1# - PUNTO DE ACCESO ADICIONAL--NOMBRE DE PERSONA
Nombre de persona Carranza, Julio.
9 (RLIN) 30929
700 1# - PUNTO DE ACCESO ADICIONAL--NOMBRE DE PERSONA
Nombre de persona Castro, Fidel
Fechas asociadas al nombre 1926-2016
9 (RLIN) 16971
700 1# - PUNTO DE ACCESO ADICIONAL--NOMBRE DE PERSONA
Nombre de persona Mesa-Lago, Carmelo.
9 (RLIN) 30930
700 1# - PUNTO DE ACCESO ADICIONAL--NOMBRE DE PERSONA
Nombre de persona Gunn, Gillian.
9 (RLIN) 30931
700 1# - PUNTO DE ACCESO ADICIONAL--NOMBRE DE PERSONA
Nombre de persona Ferrer, Pedro Luis.
9 (RLIN) 30932
700 1# - PUNTO DE ACCESO ADICIONAL--NOMBRE DE PERSONA
Nombre de persona Kummels, Ingrid.
9 (RLIN) 30933
700 1# - PUNTO DE ACCESO ADICIONAL--NOMBRE DE PERSONA
Nombre de persona Varela, Carlos.
9 (RLIN) 30934
700 1# - PUNTO DE ACCESO ADICIONAL--NOMBRE DE PERSONA
Nombre de persona Monreal, Pedro.
9 (RLIN) 30935
700 1# - PUNTO DE ACCESO ADICIONAL--NOMBRE DE PERSONA
Nombre de persona Rúa del Llano, Manuel.
9 (RLIN) 30936
910 ## - DATOS DE OPCIÓN DEL USUARIO (OCLC)
Datos de opción del usuario Catalogación por copia / LC
Holdings
Estado de retiro Estado de pérdida Restricciones de uso No para préstamo Código de colección Localización permanente Ubicación/localización actual Ubicación en estantería Fecha de adquisición Número de inventario Total de préstamos Signatura topográfica completa Código de barras Fecha visto por última vez Precio válido a partir de Tipo de ítem Koha
        Monografías: Libros y Folletos General General En catalogación 25.11.2009 LF1   338.9 C962a 13565-10 25.06.2020 25.06.2020 Préstamo en sala

Powered by Koha